<?xml version="1.0" encoding="UTF-8"?>
<record
    xmlns:xsi="http://www.w3.org/2001/XMLSchema-instance"
    xsi:schemaLocation="http://www.loc.gov/MARC21/slim http://www.loc.gov/standards/marcxml/schema/MARC21slim.xsd"
    xmlns="http://www.loc.gov/MARC21/slim">

  <leader>00803nam a2200205Ia 4500</leader>
  <controlfield tag="003">GCL</controlfield>
  <controlfield tag="008">140319s9999    xx            000 0 ara d</controlfield>
  <datafield tag="040" ind1=" " ind2=" ">
    <subfield code="a">GCL / </subfield>
    <subfield code="c">GCL</subfield>
  </datafield>
  <datafield tag="082" ind1="0" ind2="4">
    <subfield code="a">&#x637;</subfield>
    <subfield code="b">239.9</subfield>
    <subfield code="b">&#x62F; &#x62E;</subfield>
  </datafield>
  <datafield tag="100" ind1="1" ind2=" ">
    <subfield code="a">&#x62F;&#x631;&#x648;&#x64A;&#x634; &#x627;&#x644;&#x632;&#x641;&#x62A;&#x627;&#x648;&#x649;</subfield>
  </datafield>
  <datafield tag="245" ind1="1" ind2="0">
    <subfield code="a">&#x62E;&#x628;&#x64A;&#x628; &#x628;&#x646; &#x639;&#x62F;&#x649;: &#x631;&#x62C;&#x644; &#x644;&#x645; &#x64A;&#x62F;&#x641;&#x646; &#x641;&#x649; &#x627;&#x644;&#x627;&#x631;&#x636;, &#x639;&#x643;&#x631;&#x645;&#x629; &#x628;&#x646; &#x627;&#x628;&#x649; &#x62C;&#x647;&#x644;: &#x631;&#x62C;&#x644; &#x642;&#x627;&#x645; &#x644;&#x647; &#x627;&#x644;&#x631;&#x633;&#x648;&#x644; &#x635; , &#x633;&#x644;&#x645;&#x647; &#x628;&#x646; &#x627;&#x644;&#x627;&#x643;&#x648;&#x639;: &#x631;&#x62C;&#x644; &#x635;&#x62F; &#x62C;&#x64A;&#x634;&#x627; &#x648;&#x62D;&#x62F;&#x647; / </subfield>
    <subfield code="c">&#x62F;&#x631;&#x648;&#x64A;&#x634; &#x627;&#x644;&#x632;&#x641;&#x62A;&#x627;&#x648;&#x649;</subfield>
  </datafield>
  <datafield tag="300" ind1=" " ind2=" ">
    <subfield code="a">29 &#x635;</subfield>
  </datafield>
  <datafield tag="490" ind1=" " ind2=" ">
    <subfield code="a">&#x631;&#x62C;&#x627;&#x644; &#x627;&#x62D;&#x628;&#x647;&#x645; &#x627;&#x644;&#x631;&#x633;&#x648;&#x644; &#x635;&#x644;&#x649; &#x627;&#x644;&#x644;&#x629; &#x639;&#x644;&#x64A;&#x647; &#x648; &#x633;&#x644;&#x645;</subfield>
    <subfield code="v">0</subfield>
  </datafield>
  <datafield tag="650" ind1="0" ind2="4">
    <subfield code="a">&#x627;&#x644;&#x627;&#x637;&#x641;&#x627;&#x644;</subfield>
  </datafield>
  <datafield tag="650" ind1="0" ind2="4">
    <subfield code="a">&#x627;&#x644;&#x635;&#x62D;&#x627;&#x628;&#x629; &#x648;&#x627;&#x644;&#x62A;&#x627;&#x628;&#x639;&#x648;&#x646;</subfield>
  </datafield>
  <datafield tag="650" ind1="0" ind2="4">
    <subfield code="a">&#x62E;&#x628;&#x64A;&#x628; &#x628;&#x646; &#x639;&#x62F;&#x649;</subfield>
  </datafield>
  <datafield tag="650" ind1="0" ind2="4">
    <subfield code="a">&#x639;&#x643;&#x631;&#x645;&#x629; &#x628;&#x646; &#x627;&#x628;&#x649; &#x62C;&#x647;&#x644;</subfield>
  </datafield>
  <datafield tag="650" ind1="0" ind2="4">
    <subfield code="a">&#x633;&#x644;&#x645;&#x629; &#x628;&#x646; &#x627;&#x644;&#x627;&#x643;&#x648;&#x639;</subfield>
  </datafield>
  <datafield tag="942" ind1=" " ind2=" ">
    <subfield code="2">ddc</subfield>
    <subfield code="c">BK</subfield>
  </datafield>
  <datafield tag="999" ind1=" " ind2=" ">
    <subfield code="c">51157</subfield>
    <subfield code="d">51157</subfield>
  </datafield>
  <datafield tag="952" ind1=" " ind2=" ">
    <subfield code="0">0</subfield>
    <subfield code="1">0</subfield>
    <subfield code="4">0</subfield>
    <subfield code="7">0</subfield>
    <subfield code="a">CAI</subfield>
    <subfield code="b">CAI</subfield>
    <subfield code="d">2014-03-26</subfield>
    <subfield code="l">0</subfield>
    <subfield code="o">&#x637;\239.9\&#x62F; &#x62E;</subfield>
    <subfield code="p">122653</subfield>
    <subfield code="r">2014-03-26 00:00:00</subfield>
    <subfield code="w">2014-03-26</subfield>
    <subfield code="y">BK</subfield>
  </datafield>
  <datafield tag="952" ind1=" " ind2=" ">
    <subfield code="0">0</subfield>
    <subfield code="1">0</subfield>
    <subfield code="4">0</subfield>
    <subfield code="7">0</subfield>
    <subfield code="a">CAI</subfield>
    <subfield code="b">CAI</subfield>
    <subfield code="d">2014-03-26</subfield>
    <subfield code="l">0</subfield>
    <subfield code="o">&#x637;\239.9\&#x62F; &#x62E;</subfield>
    <subfield code="p">122654</subfield>
    <subfield code="r">2014-03-26 00:00:00</subfield>
    <subfield code="w">2014-03-26</subfield>
    <subfield code="y">BK</subfield>
  </datafield>
  <datafield tag="952" ind1=" " ind2=" ">
    <subfield code="0">0</subfield>
    <subfield code="1">0</subfield>
    <subfield code="4">0</subfield>
    <subfield code="7">0</subfield>
    <subfield code="a">CAI</subfield>
    <subfield code="b">CAI</subfield>
    <subfield code="d">2014-03-26</subfield>
    <subfield code="l">0</subfield>
    <subfield code="o">&#x637;\239.9\&#x62F; &#x62E;</subfield>
    <subfield code="p">122655</subfield>
    <subfield code="r">2014-03-26 00:00:00</subfield>
    <subfield code="w">2014-03-26</subfield>
    <subfield code="y">BK</subfield>
  </datafield>
</record>
